000 00264nam a22001217a 4500
008 170620b xxu||||| |||| 00| 0 eng d
041 _aeng
080 _a328
100 _a20
101 _aSHP
245 _aTHE URBAN ECONOMY
_cHOCHMAN.H.M
942 _2udc
_cBK
999 _c18286
_d18286